<?xml version="1.0" encoding="UTF-8"?>
<record
    xmlns:xsi="http://www.w3.org/2001/XMLSchema-instance"
    xsi:schemaLocation="http://www.loc.gov/MARC21/slim http://www.loc.gov/standards/marcxml/schema/MARC21slim.xsd"
    xmlns="http://www.loc.gov/MARC21/slim">

  <leader>00771nam a22001337a 4500</leader>
  <datafield tag="040" ind1=" " ind2=" ">
    <subfield code="c">RUA</subfield>
  </datafield>
  <datafield tag="082" ind1=" " ind2=" ">
    <subfield code="a">VEM PHL 2024 B1-330 Or.</subfield>
  </datafield>
  <datafield tag="100" ind1=" " ind2=" ">
    <subfield code="a">PHLONG SIVTY,&#x1795;&#x17D2;&#x179B;&#x17BB;&#x1784; &#x179F;&#x17CA;&#x17B8;&#x179C;&#x1791;&#x17B8;</subfield>
  </datafield>
  <datafield tag="245" ind1=" " ind2=" ">
    <subfield code="a">CASE OF CANINE TOXOCARA CANIS AT VETERINARY TEACHING HOSPITAL, FACULTY OF VETERING MEDICINE, ROYAL UNIVERSITY OF AGRICULTURE,&#x1780;&#x179A;&#x178E;&#x17B8; Toxocara canis &#x179B;&#x17BE;&#x179F;&#x17BB;&#x1793;&#x1781;&#x1793;&#x17C5;&#x1798;&#x1793;&#x17D2;&#x1791;&#x17B8;&#x179A;&#x1796;&#x17C1;&#x1791;&#x17D2;&#x1799; &#x1798;&#x17A0;&#x17B6;&#x179C;&#x17B7;&#x1791;&#x17D2;&#x1799;&#x17B6;&#x179B;&#x17D0;&#x1799;&#x179C;&#x17C1;&#x1787;&#x17D2;&#x1787;&#x179F;&#x17B6;&#x179F;&#x17D2;&#x179A;&#x17D2;&#x178F;&#x179F;&#x178F;&#x17D2;&#x179C;&#x1793;&#x17C3;&#x179F;&#x17B6;&#x1780;&#x179B;&#x179C;&#x17B7;&#x1791;&#x17D2;&#x1799;&#x17B6;&#x179B;&#x17D0;&#x1799;&#x1797;&#x17BC;&#x1798;&#x17B7;&#x1793;&#x17D2;&#x1791;&#x1780;&#x179F;&#x17B7;&#x1780;&#x1798;&#x17D2;&#x1798;</subfield>
  </datafield>
  <datafield tag="260" ind1=" " ind2=" ">
    <subfield code="a">phnom penh</subfield>
    <subfield code="b">rua</subfield>
    <subfield code="c">2024</subfield>
  </datafield>
  <datafield tag="300" ind1=" " ind2=" ">
    <subfield code="a">x.36p.</subfield>
    <subfield code="b">ill.</subfield>
    <subfield code="c">29cm.</subfield>
  </datafield>
  <datafield tag="856" ind1=" " ind2=" ">
    <subfield code="u">https://drive.google.com/file/d/1q09L82sOBTvKe9uUFmo5nqS48wgWUQMQ/view?usp=sharing</subfield>
  </datafield>
  <datafield tag="942" ind1=" " ind2=" ">
    <subfield code="c">VEM</subfield>
  </datafield>
  <datafield tag="999" ind1=" " ind2=" ">
    <subfield code="c">24760</subfield>
    <subfield code="d">24760</subfield>
  </datafield>
  <datafield tag="952" ind1=" " ind2=" ">
    <subfield code="0">0</subfield>
    <subfield code="1">0</subfield>
    <subfield code="4">0</subfield>
    <subfield code="6">VEM_PHL_2024_000000000000000_B1330_OR</subfield>
    <subfield code="7">0</subfield>
    <subfield code="9">104372</subfield>
    <subfield code="a">LBB</subfield>
    <subfield code="b">LBB</subfield>
    <subfield code="c">B1.330</subfield>
    <subfield code="d">2025-04-29</subfield>
    <subfield code="l">1</subfield>
    <subfield code="o">VEM PHL 2024 B1-330 Or.</subfield>
    <subfield code="p">a082915</subfield>
    <subfield code="r">2025-10-14</subfield>
    <subfield code="s">2025-09-17</subfield>
    <subfield code="y">VEM</subfield>
  </datafield>
  <datafield tag="952" ind1=" " ind2=" ">
    <subfield code="0">0</subfield>
    <subfield code="1">0</subfield>
    <subfield code="4">0</subfield>
    <subfield code="6">VEM_PHL_2024_000000000000000_B1330_OR</subfield>
    <subfield code="7">0</subfield>
    <subfield code="9">104373</subfield>
    <subfield code="a">LBB</subfield>
    <subfield code="b">LBB</subfield>
    <subfield code="c">B1.330</subfield>
    <subfield code="d">2025-04-29</subfield>
    <subfield code="l">1</subfield>
    <subfield code="o">VEM PHL 2024 B1-330 Or.</subfield>
    <subfield code="p">a082854</subfield>
    <subfield code="r">2025-07-02</subfield>
    <subfield code="s">2025-06-17</subfield>
    <subfield code="y">VEM</subfield>
  </datafield>
</record>
